Statistiche per Riconosci la Squadra di calcio - Quiz n°327

Clicka qui per fare il quiz!

Statistiche generali

  • Questo quiz è stato fatto 13 volte
  • Il punteggio medio è 8 su 9

Statistiche sulle risposte

IndizioRisposta% Corretto
Colori socialiViola
100%
Capienza Stadio12 994 posti
91%
Fondazione1960
91%
Trofei nazionali20 Coppe di Slovenia
20 Supercoppe di Slovenia
91%
Titoli nazionali31 Titoli SNL
91%
Divisione nazionale 2023-2024Prima
91%
ConfederazioneUEFA
91%
Trofei internazionali0
73%
SquadraMaribor
45%

Distribuzione punteggi

Percentile per numero di risposta

Percentuale di utenti per punteggio

I tuoi punteggi nel tempo

Non hai fatto questo quiz